书目信息 |
| 题名: |
青春献给伟大的党
|
|
| 作者: | 秦安 词 ;屠冶九 曲 | |
| 分册: | ||
| 出版信息: | 北京 人民音乐出版社 1974.07 |
|
| 页数: | 3页 | |
| 开本: | 26cm | |
| 丛书名: | ||
| 单 册: | ||
| 中图分类: | J652.1 | |
| 科图分类: | ||
| 主题词: | 外国音乐--作品 , 音乐--各国--作品 | |
| 电子资源: | ||
| ISBN: | ||
| 000 | 00649nam0 2200241 45 | |
| 001 | 0310271598 | |
| 005 | 20031219104120.5 | |
| 010 | @dCNY0.09 | |
| 091 | @a3026.3093 | |
| 100 | @a20031027d1974 km y0chiy0120 ea | |
| 101 | 0 | @achi |
| 105 | @a z 000yy | |
| 200 | 1 | @a青春献给伟大的党@AQing Chun Xian Gei Wei Da De Dang@f秦安词@FQin An Ci@g屠冶九曲 |
| 210 | @a北京@c人民音乐出版社@d1974.07 | |
| 215 | @a3页@d26cm | |
| 300 | @a革命歌曲 | |
| 606 | 0 | @a外国音乐@x作品 |
| 606 | 0 | @a音乐@y各国@x作品 |
| 690 | @aJ652.1@v3 | |
| 701 | 0 | @a秦安@4词 |
| 702 | 0 | @a屠冶九@ATu Ye Jiu@4曲 |
| 801 | @aCN@bTSTC@c20031027 | |
| 905 | @f1@b3718@dJ652.1@e10 | |
| 青春献给伟大的党/秦安词/屠冶九曲.-北京:人民音乐出版社,1974.07 |
| 3页;26cm |
| 革命歌曲 |
| ISBN :CNY0.09 |
| ● |
| 相关链接 |
|
|
|
|
正题名:青春献给伟大的党
索取号:J652.1/10
 
预约/预借
| 序号 | 登录号 | 条形码 | 馆藏地/架位号 | 状态 | 备注 |
| 1 | 0003718 | 001723362 | 密集书库/ [索取号:J652.1/10] | 在馆 |